书目信息 |
| 题名: |
化学原理
|
|
| 作者: | 马斯顿 , Masterton , 斯洛文斯 , Slowinski 著 ;华彤文 译 | |
| 分册: | 上 | |
| 出版信息: | 北京 北京大学出版社 1980 |
|
| 页数: | 542页 | |
| 开本: | 21cm | |
| 丛书名: | ||
| 单 册: | ||
| 中图分类: | O6-0 , O6 | |
| 科图分类: | ||
| 主题词: | 化学 | |
| 电子资源: | ||
| ISBN: | ||
| 000 | 00941nam0 2200325 45 | |
| 001 | 1538417511 | |
| 005 | 20150201211306.98 | |
| 010 | @dCNY2.10 | |
| 091 | @aCN@b13209.5(1) | |
| 091 | @aCN@b13209.6(2) | |
| 100 | @a19950420d1980 emky0chiy0121 ea | |
| 101 | 1 | @achi@ceng |
| 102 | @aCN@b110000 | |
| 105 | @ay z 000yy | |
| 200 | 10 | @a化学原理@Ahua xue yuan li@h上@f(美)马斯特顿(W.L. Masterton), 斯洛文斯基(E.J. Slowinski)著@g华彤文等译 |
| 210 | @a北京@c北京大学出版社@d1980 | |
| 215 | @a542页@d21cm | |
| 300 | @a书名原文:Chemical principles | |
| 510 | 1 | @aChemical principles@zeng |
| 606 | 0 | @a化学 |
| 690 | @aO6-0@v3 | |
| 690 | @aO6@v4 | |
| 701 | 1 | @a马斯顿@Ama si dun@bW.L.@4著 |
| 701 | A1 | @aMasterton@bW.L.@4著 |
| 701 | 1 | @a斯洛文斯@Asi luo wen si@bE.J.@4著 |
| 701 | A1 | @aSlowinski@bE.J.@4著 |
| 702 | 0 | @a华彤文@Ahua tong wen@4译 |
| 801 | 0 | @aCN@bTSSF@c20150201 |
| 801 | 2 | @aCN@bNLC |
| 905 | @aZUCC@dO6@eJY44:1 | |
| 化学原理.上/(美)马斯特顿(W.L. Masterton), 斯洛文斯基(E.J. Slowinski)著/华彤文等译.-北京:北京大学出版社,1980 |
| 542页;21cm |
| 书名原文:Chemical principles |
| ISBN :CNY2.10 |
| ● |
| 相关链接 |
|
|
|
|
正题名:化学原理
索取号:O6/JY44:1
 
预约/预借
| 序号 | 登录号 | 条形码 | 馆藏地/架位号 | 状态 | 备注 |
| 1 | 7862738 | 278627381 | 学院路分馆/ [索取号:O6/JY44:1] | 在馆 |